Central Library OPAC University of Rajshahi

Strength of materials : (Record no. 71449)

MARC details
000 -LEADER
fixed length control field 00659nam a2200229 a 4500
001 - CONTROL NUMBER
control field 71449
003 - CONTROL NUMBER IDENTIFIER
rucl marc code BD-RjUL
005 - DATE AND TIME OF LATEST TRANSACTION
control field 20211209082120.0
008 - FIXED-LENGTH DATA ELEMENTS--GENERAL INFORMATION
fixed length control field 170503s2001 ii a 001 0 eng d
020 ## - INTERNATIONAL STANDARD BOOK NUMBER
International Standard Book Number 8176841102
Terms of availability : Rs. 100.00
035 ## - SYSTEM CONTROL NUMBER
System control number (BD-RjUL)71665
040 ## - CATALOGING SOURCE
Original cataloging agency DLC
Transcribing agency LDL
Modifying agency MYG
-- BD-RjUL
Language of cataloging eng
041 ## - LANGUAGE CODE
Language code of text/sound track or separate title eng
082 ## - DEWEY DECIMAL CLASSIFICATION NUMBER
Edition number 23
Classification number 620.112
Author mark and year MAS 2001
100 1# - MAIN ENTRY--PERSONAL NAME
Personal name Morley
Dates associated with a name 1876-1962.
9 (RLIN) 211391
245 10 - TITLE STATEMENT
Title Strength of materials :
Remainder of title For Diploma Courses /
Statement of responsibility, etc. by Morley.
250 ## - EDITION STATEMENT
Edition statement 3th ed.
260 ## - PUBLICATION, DISTRIBUTION, ETC. (IMPRINT)
Place of publication, distribution, etc. New Delhi :
Name of publisher, distributor, etc. Sumitra Handa,
Date of publication, distribution, etc. 2001
300 ## - PHYSICAL DESCRIPTION
Pagination ix, 556 p. :
Illustrations ill. ;
Size 23 cm.
650 #0 - SUBJECT ADDED ENTRY--TOPICAL TERM
Topical term or geographic name as entry element Strength of materials.
9 (RLIN) 211392
942 ## - ADDED ENTRY ELEMENTS (KOHA)
Source of classification or shelving scheme Dewey Decimal Classification
Koha item type Books
Holdings
Lost status Source of classification or shelving scheme Damaged status Not for loan Collection code Permanent Location Current Location Shelving location Date acquired Source of acquisition Cost, normal purchase price Total Checkouts Full call number Date last seen Copy number Koha item type
  Dewey Decimal Classification   Not For Loan Non-fiction Central Library, University of Rajshahi Central Library, University of Rajshahi Reading Room 30/09/2010 Dhaka, Paragon Ent. 100.00   620.112 MAS 2001 03/05/2017 C-1 Books